000 01056nam0a22002771 4500
001 rc\3020849
005 20250806201408.0
035 _a(NLR Aleph) 007162926
090 _a23496
_c23496
100 _a20110927d1944 u y0rusy50 ca
101 0 _arus
102 _aRU
105 _ay z |||||
200 1 _aБухгалтерский учет в совхозах
_fС.Ф. Масанов, Н.Ф. Нежеренко
_gПод ред. нач. Центр. бухгалтерии Наркомата совхозов СССР С.И. Неделина
210 _aМосква
_cСельхозгиз
_d1944
_g3-я тип. "Кр. пролетарий"
215 _a196 с.
_d23 см
700 1 _aМасанов
_bС.Ф.
701 1 _aНежеренко
_bН.Ф.
_gНиколай Федорович
702 1 _aНеделин
_bС.И.
_4340
801 0 _aRU
_bNLR
_gpsbo
801 1 _aRU
_bELAR
_2rusmarc
852 _aNLR
_jЭк90 Г-5/30
942 _cBOOK
945 _aРоссийская национальная библиотека
980 _aNB
980 _aBV